| 000 | 00436nam a2200169Ia 4500 | ||
|---|---|---|---|
| 005 | 20250326130745.0 | ||
| 008 | 250326s9999 xx 000 0 und d | ||
| 037 | _aTextbook | ||
| 040 |
_aFMSL _beng _cFMSL |
||
| 041 |
_aeng _2eng |
||
| 084 |
_aS P5 _qFMSL |
||
| 100 |
_aBertelsen P _9741260 |
||
| 245 | 0 |
_aFree will consciousness and self _cBertelsen P |
|
| 260 | _c2005 | ||
| 942 |
_cTB _hS P5 |
||
| 999 |
_c1283960 _d1283960 |
||